• 首页
  • 本馆介绍
  • 公告通知
  • 最新文献
  • 馆藏检索
  • 电子资源
  • 读者导购
  • 参考咨询
  • 我的图书馆
  • 登录
  • 详细信息显示
  • 放入我的书架
  • 预约/预借图书
  • 作者相关作品
  • 分类相关作品
  • 丛书相关作品
  • 出版社相关作品

书目信息

  • 表格格式
  • 工作单格式
  • 卡片格式
题名:
男性心理之谜
    
 
作者: 陈克 编译
分册:  
出版信息: 北京   北京科学技术出版社  1989.4
页数: 244页
开本: 19cm
丛书名: 两性与社会丛书
单 册:
中图分类: C912.69
科图分类: 59.889
主题词: 男性-心理学 , 心理学-男性
电子资源:
ISBN: 7-5304-0538-1
000 00795nam2 2200265 45
001 1569574306
005 20150129192006.70
010    @a7-5304-0538-1@dCNY2.80
100    @a19921221d1989 em y0chiy0121 ea
101 1  @achi
102    @aCN@b110000
105    @ay z 000yy
200 10 @a男性心理之谜@ANAN XING XIN LI ZHI MI@f陈 克等编译@FCHEN KE DENG BIAN YI
210    @a北京@c北京科学技术出版社@d1989.4
215    @a244页@d19cm
225 2  @a两性与社会丛书@e心理与精神分析@f郑 耘主编
410  0 @120010@a两性与社会丛书@e心理与精神分析
540 1  @a男性 心理 谜@ANAN XING XIN LI MI
606    @a男性-心理学
606    @a心理学-男性
690    @aC912.69@v三版
692    @a59.889
701  0 @a陈克@ACHEN KE@4编译
801  0 @aCN@bTSSF@c20150129
905    @aZUCC@dC912.69@eJY1
    
    男性心理之谜/陈 克等编译.-北京:北京科学技术出版社,1989.4
    244页;19cm.-(两性与社会丛书:心理与精神分析/郑 耘主编)
    
    
    ISBN 7-5304-0538-1:CNY2.80
    
●
相关链接 在E读中查询图书 在五车中查询图书 在当当中查询图书 在豆瓣中查询图书


正题名:男性心理之谜     索取号:C912.69/JY1         预约/预借

序号 登录号 条形码 馆藏地/架位号 状态 备注
1 7847089   278470897   学院路分馆/ [索取号:C912.69/JY1] 在馆    
2 7847090   278470904   学院路分馆/ [索取号:C912.69/JY1] 在馆    
唐山师范学院图书馆 欢迎您!
大连网信软件有限公司© 版权所有